[Event "SRI-chB"]
[Site "Colombo"]
[Date "2023.03.12"]
[Round "11"]
[White "Liyanage, KPL"]
[Black "Dissanayake, RKT"]
[Result "0-1"]
[WhiteElo "1540"]
[BlackElo "1948"]
[PlyCount "76"]
[EventDate "2023.03.04"]
[EventType "swiss"]
[EventRounds "11"]
[EventCountry "SRI"]
[SourceTitle "CBM 213 Extra"]
[Source "ChessBase"]
[SourceDate "2023.05.31"]
[SourceVersion "1"]
[SourceVersionDate "2023.05.31"]
[SourceQuality "1"]

1. e4 c5 2. c4 g6 3. Nc3 Bg7 4. g3 Nc6 5. Bg2 Nf6 6. Nge2 d6 7. d3 0-0 8. 0-0 a6 9. Rb1 Rb8 10. f4 Bd7 11. a4 Na5 12. b4 cxb4 13. Rxb4 Qc8 14. Be3 Bh3 15. Nd5 Nxd5 16. exd5 Bxg2 17. Kxg2 b5 18. axb5 axb5 19. cxb5 Qf5 20. Nd4 Bxd4 21. Bxd4 Qxd5+ 22. Qf3 Qxf3+ 23. Kxf3 Nc6 24. Rc4 Nxd4+ 25. Rxd4 Rxb5 26. Re1 Rb7 27. Ra4 Kg7 28. Re2 Rc8 29. Rd4 Rc5 30. Ra4 h5 31. Ra1 Rc3 32. Rd1 Kf6 33. h3 Rbb3 34. Red2 Rb4 35. Re1 e6 36. Ra1 Rd4 37. Ke3 Rd5 38. Rad1 Rdc5 0-1

[Event "SRI-chB"]
[Site "Colombo"]
[Date "2023.03.11"]
[Round "9"]
[White "Weerawardane, Romesh"]
[Black "Liyanage, KPL"]
[Result "1-0"]
[WhiteElo "1924"]
[BlackElo "1540"]
[PlyCount "105"]
[EventDate "2023.03.04"]
[EventType "swiss"]
[EventRounds "11"]
[EventCountry "SRI"]
[SourceTitle "CBM 213 Extra"]
[Source "ChessBase"]
[SourceDate "2023.05.31"]
[SourceVersion "1"]
[SourceVersionDate "2023.05.31"]
[SourceQuality "1"]

1. e4 c5 2. Nf3 e6 3. d4 cxd4 4. Nxd4 a6 5. c4 Nf6 6. Nc3 Bb4 7. Qd3 d6 8. Be2 Nbd7 9. f3 Ne5 10. Qc2 Bd7 11. Nb3 Ba4 12. Bd2 Bxb3 13. Qxb3 Nc6 14. 0-0-0 Nd7 15. a3 Bc5 16. Kb1 Nd4 17. Qa2 a5 18. Rhe1 Ne5 19. Bf1 Nec6 20. Be3 Nb4 21. axb4 axb4 22. Bxd4 Rxa2 23. Nxa2 Qa5 24. Bxg7 Rg8 25. Bf6 Kd7 26. Nc1 Qa4 27. b3 Qa7 28. Re2 Kc7 29. e5 Qb6 30. Red2 Ra8 31. exd6+ Kd7 32. Bb2 Be3 33. Rc2 Qa5 34. Bd3 Kxd6 35. Re2 Bxc1 36. Kxc1 Qg5+ 37. Kb1 Ke7 38. Be4 Rb8 39. Red2 Ke8 40. g4 f5 41. gxf5 exf5 42. Bc2 Qf4 43. Re2+ Kf8 44. Rd5 Re8 45. Rxf5+ Qxf5 46. Rxe8+ Kxe8 47. Bxf5 h5 48. Bg6+ Kf8 49. Bxh5 Kg8 50. Bg6 b6 51. Bf6 Kf8 52. h4 b5 53. cxb5 1-0